000 00695nam a2200205 u 4500
001 000046616
003 DO-SdBNP
005 20220909095239.0
008 170131s2009 ck r 000 0 eng d
020 _a9789587048704
040 _aDO-SdBNP
_bspa
_cBNPHU
082 4 _222
245 1 3 _aEl cuaderno :
_btextos escritos para el blog.septiembre de 2008-marzo de 2009 /
_cJosé Saramago ; traducción de Pilar del Rio.
260 _aBogotá, Colombia :
_bAlfaguara,
_c2009.
300 _a229 p. ;
_c24 cm.
500 _aIncluye datos biográficos del autor en la solapa de la cubierta
586 _aPremio Nobel de literatura 1998
700 1 2 _aRio, Pilar del
_etr.
_927507
942 _2ddc
_cLBS1
999 _c46105
_d46105